000 01378nam0a22003011 4500
001 rc\4465966
005 20260407082941.0
021 _aRU
_b[68-2157]
035 _a(NLR Aleph) 008593621
090 _a8659259
_c8659259
100 _a20130416d1967 |||y0rusy50 ca
101 0 _arus
102 _aRU
105 _ay z |||||
200 1 _aВыращивание семенного картофеля
_e(Метод. материалы)
_fМ-во сел. хоз-ва СССР. Гл. упр. картофеля, овощных и бахчевых культур. Науч.-исслед. ин-т картофельного хоз-ва
210 _a[Москва
_cКолос
_d1967]
215 _a11 с.
_d21
300 _aВ вып. дан. сост.: канд. биол. наук Д.И. Филиппов, канд. с.-х. наук О.Г. Хилкова
300 _aБез тит. л. и обл.
606 _aКартофель
_xСеменоводство
_2psbo
702 1 _aХилкова
_bО.Г.
_4220
702 1 _aФилиппов
_bД.И.
_gДмитрий Иванович
_4220
712 0 2 _aНИИ картофельного хозяйства
_cст. Малаховка, Московско-Рязанская ж. д.
_3RU\NLR\AUTH\888992
_9290484
801 0 _aRU
_bNLR
_gpsbo
801 1 _aRU
_bELAR
_2rusmarc
852 _aNLR
_j68-6/1533
942 _cBOOK
980 _aNB